Statistics for Air North Destinations

Click here to take the quiz!

General Stats

  • This quiz has been taken 15 times
  • The average score is 8 of 12

Answer Stats

Province / TerritoryAnswer% Correct
AlbertaCalgary
100%
AlbertaEdmonton
100%
British ColumbiaVancouver
100%
Northwest TerritoriesYellowknife
100%
OntarioOttawa
89%
YukonWhitehorse
89%
British ColumbiaVictoria
78%
British ColumbiaKelowna
67%
YukonDawson City
22%
Northwest TerritoriesInuvik
22%
YukonMayo
22%
YukonOld Crow
22%

Score Distribution

Percentile by Number Answered

Percent of People with Each Score

Your Score History

You have not taken this quiz